000 00310nam a2200121Ia 4500
008 220204s9999 xx 000 0 und d
082 _a625:666.982.2
_bJAI.1
100 _aJaikrishna, O P
245 0 _aPlain and reinforced concrete. V 1
260 _aRoorkee
_bNem Chand
_c1985
700 _aJain
942 _cBK
999 _c39974
_d39974